000
00329pab a2200145 454500
008
180718b2003 xxu||||| |||| 00| 0 eng d
100
_a
Chander Shekhar
245
_a
Reduction of NPAs-key to banking reforms
260
_c
2003
300
_a
p.11-16.
362
_a
Oct
650
_a
Banks
773
_a
Yojana
909
_a
58237
999
_c
58237
_d
58237